[Event "Pozarevac Rudar FM 02"]
[Site "Pozarevac"]
[Date "2024.02.12"]
[Round "7"]
[White "Ivkovic, Milos"]
[Black "Dimitrijevic, Andjela"]
[Result "1/2-1/2"]
[WhiteElo "1891"]
[BlackElo "1854"]
[PlyCount "39"]
[EventDate "2024.02.08"]
[EventType "schev"]
[EventRounds "10"]
[EventCountry "SRB"]
[SourceTitle "CB08_2024"]
[SourceDate "2024.02.21"]
[SourceVersion "1"]
[SourceVersionDate "2024.02.21"]
[SourceQuality "1"]
[WhiteTeam "Team A"]
[BlackTeam "Team B"]
[WhiteTeamCountry "SRB"]
[BlackTeamCountry "SRB"]

1. e4 c5 2. Nf3 d6 3. Bc4 Nf6 4. d3 e6 5. 0-0 Be7 6. h3 0-0 7. c3 Nc6 8. Bf4 Na5 9. Bb3 b6 10. Bc2 Bb7 11. Nbd2 Nc6 12. Re1 e5 13. Bh2 Rc8 14. Nb3 Re8 15. a3 Bf8 16. Rc1 g6 17. Nbd2 Nh5 18. Bb3 Nf4 19. Nf1 Bg7 20. Ne3 1/2-1/2

[Event "Pozarevac Rudar FM 02"]
[Site "Pozarevac"]
[Date "2024.02.08"]
[Round "1"]
[White "Ivkovic, Milos"]
[Black "Chaitanya, V."]
[Result "1-0"]
[WhiteElo "1891"]
[BlackElo "1717"]
[PlyCount "69"]
[EventDate "2024.02.08"]
[EventType "schev"]
[EventRounds "10"]
[EventCountry "SRB"]
[SourceTitle "CB08_2024"]
[SourceDate "2024.02.21"]
[SourceVersion "1"]
[SourceVersionDate "2024.02.21"]
[SourceQuality "1"]
[WhiteTeam "Team A"]
[BlackTeam "Team B"]
[WhiteTeamCountry "SRB"]
[BlackTeamCountry "SRB"]

1. e4 c5 2. Nf3 e6 3. d4 cxd4 4. Nxd4 Nf6 5. Bd3 Nc6 6. Be3 d5 7. Nd2 Be7 8. 0-0 0-0 9. Nxc6 bxc6 10. e5 Nd7 11. f4 f5 12. exf6 Nxf6 13. c3 c5 14. Nf3 Bb7 15. Ne5 d4 16. Bd2 Qb6 17. Qe2 dxc3 18. Nc4 Qc6 19. Bxc3 Rad8 20. Rad1 Ba8 21. Rfe1 Kh8 22. Na5 Qd5 23. Bc4 Qe4 24. Rxd8 Bxd8 25. Qf2 Qg6 26. Rxe6 h6 27. f5 Qg4 28. Be2 Qg5 29. Nc6 Bb6 30. Bc4 Kh7 31. Ne7 Ng4 32. Qe2 Qh4 33. h3 Nf2 34. Qxf2 Qxc4 35. Qg3 1-0

[Event "Pozarevac Rudar FM-B 01"]
[Site "Pozarevac"]
[Date "2024.02.06"]
[Round "9.4"]
[White "Ivkovic, Milos"]
[Black "Chaitanya, V."]
[Result "1/2-1/2"]
[WhiteElo "1891"]
[BlackElo "1717"]
[PlyCount "64"]
[EventDate "2024.01.31"]
[EventType "tourn"]
[EventRounds "10"]
[EventCountry "SRB"]
[SourceTitle "CB07_2024"]
[SourceDate "2024.02.14"]
[SourceVersion "1"]
[SourceVersionDate "2024.02.14"]
[SourceQuality "1"]
[WhiteTeam "TIeam A"]
[BlackTeam "TIeam B"]
[WhiteTeamCountry "SRB"]
[BlackTeamCountry "SRB"]

1. d4 Nf6 2. c4 g6 3. Nc3 Bg7 4. g3 d6 5. Bg2 0-0 6. Nf3 Nc6 7. 0-0 Bf5 8. b3 Ne4 9. Nd5 e6 10. Ne3 e5 11. Nxf5 gxf5 12. Bb2 Re8 13. e3 Ng5 14. Nh4 Qf6 15. Bxc6 bxc6 16. dxe5 dxe5 17. f4 Ne4 18. fxe5 Qg5 19. Nxf5 Bxe5 20. Bxe5 Rxe5 21. Rf4 Nf6 22. Qf3 Rae8 23. Re1 c5 24. Nh4 R8e6 25. Rf5 Rxf5 26. Nxf5 Ne4 27. Qf4 Qh5 28. h3 Ng5 29. Kg2 Qxh3+ 30. Kg1 Qh5 31. Kg2 Qh3+ 32. Kg1 Qh5 1/2-1/2

[Event "Pozarevac Rudar FM-B 01"]
[Site "Pozarevac"]
[Date "2024.02.03"]
[Round "4.4"]
[White "Chaitanya, V."]
[Black "Ivkovic, Milos"]
[Result "1-0"]
[WhiteElo "1717"]
[BlackElo "1891"]
[PlyCount "75"]
[EventDate "2024.01.31"]
[EventType "tourn"]
[EventRounds "10"]
[EventCountry "SRB"]
[SourceTitle "CB07_2024"]
[SourceDate "2024.02.14"]
[SourceVersion "1"]
[SourceVersionDate "2024.02.14"]
[SourceQuality "1"]
[WhiteTeam "TIeam B"]
[BlackTeam "TIeam A"]
[WhiteTeamCountry "SRB"]
[BlackTeamCountry "SRB"]

1. e4 c5 2. Nf3 Nc6 3. d4 cxd4 4. Nxd4 Nf6 5. Nc3 d6 6. a4 a6 7. Be2 g6 8. Be3 Bg7 9. h3 Qc7 10. Qd2 Nxd4 11. Bxd4 Be6 12. 0-0 0-0 13. f4 Bc4 14. Bd3 Nxe4 15. Bxe4 Bxd4+ 16. Qxd4 Bxf1 17. Rxf1 e6 18. Kh1 d5 19. Bd3 Rfc8 20. Rf3 Qe7 21. f5 Qg5 22. Kh2 Re8 23. Rg3 Qh6 24. Qf6 Qg7 25. Qh4 Rad8 26. f6 Qh8 27. Qg5 e5 28. h4 Re6 29. Nxd5 Rxd5 30. Bc4 Rdd6 31. Bxe6 Rxe6 32. Rf3 e4 33. Qd5 h6 34. Rf1 Kh7 35. h5 Qb8+ 36. Kg1 Qc7 37. hxg6+ Kxg6 38. Qf5# 1-0

[Event "Pozarevac Rudar FM-B 01"]
[Site "Pozarevac"]
[Date "2024.02.01"]
[Round "2.4"]
[White "Savic, Aleksej"]
[Black "Ivkovic, Milos"]
[Result "0-1"]
[WhiteElo "1306"]
[BlackElo "1891"]
[PlyCount "104"]
[EventDate "2024.01.31"]
[EventType "tourn"]
[EventRounds "10"]
[EventCountry "SRB"]
[SourceTitle "CB07_2024"]
[SourceDate "2024.02.14"]
[SourceVersion "1"]
[SourceVersionDate "2024.02.14"]
[SourceQuality "1"]
[WhiteTeam "TIeam B"]
[BlackTeam "TIeam A"]
[WhiteTeamCountry "SRB"]
[BlackTeamCountry "SRB"]

1. e4 e5 2. Nf3 Nf6 3. Bc4 Nc6 4. d3 Be7 5. 0-0 0-0 6. c3 d6 7. h3 Na5 8. Nbd2 Nxc4 9. Nxc4 Be6 10. Re1 Nxe4 11. Ncxe5 Nxf2 12. Nc6 Nxh3+ 13. gxh3 bxc6 14. Kh2 Qd7 15. Qe2 Rae8 16. Qg2 Bd5 17. c4 Bxf3 18. Qxf3 d5 19. Bf4 Bd6 20. Kg2 Re6 21. Rf1 Bxf4 22. Qxf4 Rg6+ 23. Kh2 Qd6 24. Qxd6 Rxd6 25. c5 Re6 26. Rf2 Rfe8 27. Kg2 Re3 28. Rd1 f6 29. d4 Kf7 30. Rdd2 Kg6 31. h4 Kh5 32. Rf4 Re2+ 33. Rf2 Rxd2 34. Rxd2 Kg4 35. Kf1 Re7 36. Rg2+ Kxh4 37. Rh2+ Kg3 38. Rxh7 Kf3 39. Rh2 f5 40. Rf2+ Kg4 41. Rg2+ Kf4 42. Rf2+ Kg5 43. a3 f4 44. Rg2+ Kf5 45. Rd2 g5 46. Kf2 g4 47. Rd1 g3+ 48. Kf1 f3 49. Rd3 Ke4 50. Rd1 Rh7 51. Kg1 Rh2 52. b3 f2+ 0-1

[Event "Srebrno Jezero op-B 7th"]
[Site "Srebrno Jezero"]
[Date "2013.06.15"]
[Round "3"]
[White "Ivkovic, Milos"]
[Black "Milosevic, Jovana"]
[Result "1/2-1/2"]
[WhiteElo "1972"]
[BlackElo "1900"]
[PlyCount "51"]
[EventDate "2013.06.14"]
[EventType "swiss"]
[EventRounds "9"]
[EventCountry "SRB"]
[SourceTitle "EXT 2014"]
[Source "ChessBase"]
[SourceDate "2013.11.20"]
[SourceVersion "1"]
[SourceVersionDate "2013.11.20"]
[SourceQuality "1"]

1. c4 e5 2. Nc3 Nf6 3. Nf3 Nc6 4. e4 h6 5. Be2 Bb4 6. d3 Bxc3+ 7. bxc3 d6 8. h3 0-0 9. 0-0 b6 10. Nh2 Bd7 11. f4 exf4 12. Rxf4 Re8 13. Bg4 Ne5 14. Bxd7 Nexd7 15. Ng4 Nxg4 16. Qxg4 Ne5 17. Qe2 Ng6 18. Rf2 Qe7 19. Be3 Qe6 20. Raf1 Re7 21. Qh5 Ne5 22. Qe2 Nd7 23. Rf4 Ne5 24. Bd4 Rd8 25. Rf5 Rde8 26. Qd2 1/2-1/2

[Event "Srebrno Jezero op-B 7th"]
[Site "Srebrno Jezero"]
[Date "2013.06.15"]
[Round "2"]
[White "Korbovljanovic, Natasa"]
[Black "Ivkovic, Milos"]
[Result "1/2-1/2"]
[WhiteElo "1867"]
[BlackElo "1972"]
[PlyCount "66"]
[EventDate "2013.06.14"]
[EventType "swiss"]
[EventRounds "9"]
[EventCountry "SRB"]
[SourceTitle "EXT 2014"]
[Source "ChessBase"]
[SourceDate "2013.11.20"]
[SourceVersion "1"]
[SourceVersionDate "2013.11.20"]
[SourceQuality "1"]

1. e4 e6 2. d4 d5 3. Nc3 dxe4 4. Nxe4 Bd7 5. Nf3 Bc6 6. Bd3 Nd7 7. c3 Ngf6 8. Bg5 Be7 9. Ned2 0-0 10. 0-0 Nd5 11. Be3 b6 12. c4 Nxe3 13. fxe3 Bb7 14. e4 c5 15. d5 exd5 16. exd5 Bf6 17. Qc2 g6 18. Ne4 Bg7 19. Rae1 Ne5 20. Re2 h6 21. Kh1 Nxd3 22. Qxd3 f5 23. Nc3 Re8 24. Rfe1 Qd7 25. Ne5 Rxe5 26. Rxe5 Bxe5 27. Rxe5 Re8 28. Qe3 Kf7 29. Kg1 Rxe5 30. Qxe5 Qe7 31. Qxe7+ Kxe7 32. Kf2 Ba6 33. b3 Kd6 1/2-1/2

[Event "SRB Central-ch op"]
[Site "Pozarevac"]
[Date "2013.02.21"]
[Round "6"]
[White "Ivkovic, Milos"]
[Black "Ratkovic, Miloje"]
[Result "1-0"]
[WhiteElo "1934"]
[BlackElo "2249"]
[PlyCount "119"]
[EventDate "2013.02.18"]
[EventType "swiss"]
[EventRounds "9"]
[EventCountry "SRB"]
[SourceTitle "CBM 153 Extra"]
[Source "ChessBase"]
[SourceDate "2013.04.22"]
[SourceVersion "1"]
[SourceVersionDate "2013.04.22"]
[SourceQuality "1"]

1. c4 c6 2. Nc3 d5 3. cxd5 cxd5 4. d4 Nf6 5. Nf3 Nc6 6. e3 a6 7. Be2 Bf5 8. a3 e6 9. 0-0 Bd6 10. b4 0-0 11. Bb2 Qe7 12. Rc1 Nd7 13. Bd3 Bg4 14. Be2 Rfc8 15. Nd2 Bxe2 16. Qxe2 Nb6 17. Rc2 a5 18. b5 Na7 19. Ndb1 Nc4 20. a4 Nxb2 21. Rxb2 Rc4 22. e4 Rac8 23. exd5 b6 24. dxe6 Rxc3 25. Nxc3 Rxc3 26. exf7+ Qxf7 27. Qe4 Nc8 28. Rc2 Rxc2 29. Qxc2 Ne7 30. Rc1 h6 31. g3 Qd5 32. Qc4 Kf7 33. Kf1 Kf6 34. Qxd5 Nxd5 35. Ke2 Nb4 36. Ke3 Ke6 37. Ke4 Kd7 38. Kf5 Be7 39. f4 Bf6 40. Ke4 Kd6 41. g4 Ke6 42. Rc7 Kd6 43. Rc3 Bd8 44. Rg3 Nd5 45. g5 h5 46. h4 Ne7 47. f5 g6 48. fxg6 Nxg6 49. Rh3 Ke6 50. d5+ Kf7 51. Kd4 Bc7 52. Rf3+ Kg7 53. Re3 Bd6 54. Re6 Bg3 55. d6 Bxh4 56. d7 Bxg5 57. Rxb6 Nf8 58. Rd6 Kf7 59. b6 Ne6+ 60. Rxe6 1-0

[Event "SRB Central-ch op"]
[Site "Pozarevac"]
[Date "2013.02.21"]
[Round "5"]
[White "Stevic, Dragan"]
[Black "Ivkovic, Milos"]
[Result "0-1"]
[WhiteElo "1830"]
[BlackElo "1934"]
[PlyCount "84"]
[EventDate "2013.02.18"]
[EventType "swiss"]
[EventRounds "9"]
[EventCountry "SRB"]
[SourceTitle "CBM 153 Extra"]
[Source "ChessBase"]
[SourceDate "2013.04.22"]
[SourceVersion "1"]
[SourceVersionDate "2013.04.22"]
[SourceQuality "1"]

1. e3 d5 2. Nf3 c5 3. d4 e6 4. Bd3 Nf6 5. 0-0 Be7 6. c4 0-0 7. Nc3 Nc6 8. b3 b6 9. Ba3 cxd4 10. Bxe7 Qxe7 11. exd4 dxc4 12. Bxc4 Rd8 13. Qd2 Na5 14. Be2 Bb7 15. Rfd1 Nd5 16. Nxd5 Bxd5 17. Qf4 Qd6 18. Qh4 Rac8 19. Rd2 Rc7 20. Qg3 Qxg3 21. hxg3 Bxb3 22. axb3 Nxb3 23. Rda2 Nxa1 24. Rxa1 Rdc8 25. Kh2 Rb8 26. g4 b5 27. Kg3 b4 28. Kf4 b3 29. Ke3 b2 30. Rb1 Rc1 31. Nd2 a5 32. Bc4 a4 33. Kd3 a3 34. Ba2 Kf8 35. Ne4 Rb4 36. Nc3 Ke7 37. f3 Kd7 38. g3 f5 39. gxf5 exf5 40. Nd5 Rb3+ 41. Bxb3 Rxb1 42. Nc3 Rg1 0-1